Leadership and management development / (Record no. 441)

MARC details
000 -LEADER
fixed length control field 00716nam a22002177a 4500
005 - DATE AND TIME OF LATEST TRANSACTION
control field 20230530055924.0
008 - FIXED-LENGTH DATA ELEMENTS--GENERAL INFORMATION
fixed length control field 221223b |||||||| |||| 00| 0 eng d
020 ## - INTERNATIONAL STANDARD BOOK NUMBER
International Standard Book Number 978-0-19-969923-0
082 ## - DEWEY DECIMAL CLASSIFICATION NUMBER
Classification number G.S. 658.4092 L434 2011
100 ## - MAIN ENTRY--PERSONAL NAME
Personal name Carmichael, Jan
Relator term author
245 ## - TITLE STATEMENT
Title Leadership and management development /
Statement of responsibility, etc. Jan Carmichael, Chris Collins, Peter Emsell, Jon Haydon
260 ## - PUBLICATION, DISTRIBUTION, ETC.
Place of publication, distribution, etc. Oxford, OX:
Name of publisher, distributor, etc. Oxford University Press,
Date of publication, distribution, etc. c2011.
300 ## - PHYSICAL DESCRIPTION
Extent xvi, 399.;
Other physical details ill.
504 ## - BIBLIOGRAPHY, ETC. NOTE
Bibliography, etc. note Includes bibliographical references and index
541 ## - IMMEDIATE SOURCE OF ACQUISITION NOTE
Accession number 3280
650 ## - SUBJECT ADDED ENTRY--TOPICAL TERM
Topical term or geographic name entry element Leadership
650 ## - SUBJECT ADDED ENTRY--TOPICAL TERM
Topical term or geographic name entry element Management
700 ## - ADDED ENTRY--PERSONAL NAME
Personal name Collins, Chris
Relator term author
700 ## - ADDED ENTRY--PERSONAL NAME
Personal name Emsell, Peter
Relator term author
700 ## - ADDED ENTRY--PERSONAL NAME
Personal name Haydon, Jon
Relator term author
Holdings
Withdrawn status Lost status Source of classification or shelving scheme Damaged status Not for loan Home library Current library Date acquired Total Checkouts Full call number Barcode Date last seen Copy number Price effective from Koha item type
    Dewey Decimal Classification     ctu-moalboal ctu-moalboal 01/29/2014   G.S. 658.4092 L434 2011 3280 12/23/2022 1 12/23/2022 Books - Graduate School